000 00617nam a2200277Ia 4500
005 20260324143108.0
008 008 260324s9999 xx 000 0 eng d
020 _a9780429065347
037 _aEBOOK
040 _aCRL
040 _beng
040 _cCRL
041 _2eng
041 _aeng
084 _qCRL
100 _aAmos Harpaz
_91214364
245 0 _aStellar Evolution
260 _bTaylor and Francis
260 _c1993
365 _a
365 _b385
856 _uhttp://www.taylorfrancis.com/books/9780429065347
942 _cEBOOK
999 _c1819368
_d1819368